Povodeň 2002 /

Hlavní autor: Hudler, Petr, 1942-
Korporativní autor: Povodí Vltavy (firma)
Další autoři: Husák, Josef, 1947-
Jazyk: Čeština
Vydáno: [Praha] : Svoboda Servis, 2003
Témata:
Externí odkaz: Digitalizovaný dokument
Fyzický popis: 18 s., [68] s. barev. obr. příl. : barev. il. ; 31 cm
Knihy
Uloženo v:
LEADER 01574nam a2200409 a 4500
001 000700613
003 CZ BrMZK
005 20050811074528.0
007 ta
008 031216s2003 xr af e 000 0 cze d
015 |a cnb001296250 
020 |a 80-86320-31-6  |q (váz.) 
035 |a (OCoLC)56871195 
040 |a OLA001  |b cze  |d BOA001 
041 0 |a cze  |b eng  |b ger 
043 |a e-xr---  |b e-xr-cc  |2 czenas 
072 7 |a 556  |x Hydrologie  |2 Konspekt  |9 7 
080 |a 556.166  |2 MRF 
080 |a (282.243.31)  |2 MRF 
080 |a (437.312)  |2 MRF 
080 |a (084.12)  |2 MRF 
100 1 |a Hudler, Petr,  |d 1942-  |7 mzk2003214465  |4 aut 
245 1 0 |a Povodeň 2002 /  |c Petr Hudler a kolektiv ; [fotografie Josef Husák ... et al.] 
260 |a [Praha] :  |b Svoboda Servis,  |c 2003 
300 |a 18 s., [68] s. barev. obr. příl. :  |b barev. il. ;  |c 31 cm 
500 |a Vydavatel: Povodí Vltavy 
500 |a Anglické a německé resumé 
500 |a Dostupné též v digitální podobě v aplikaci Kramerius 
650 0 7 |a povodně  |7 ph115846  |z Česko  |y 2002  |2 czenas 
655 7 |a fotografické publikace  |7 fd132276  |2 czenas 
651 7 |a Vltava (Česko : řeka : povodí)  |7 ge134573  |2 czenas 
700 1 |a Husák, Josef,  |d 1947-  |7 jx20040902007  |4 pht 
710 2 |a Povodí Vltavy (firma)  |7 kn20040216012 
856 4 1 |u http://www.digitalniknihovna.cz/mzk/uuid/uuid:e915da70-1743-11e6-853f-005056827e52  |y Digitalizovaný dokument  |x NDK 
910 |a BOA001  |b 4-1128.168 
990 |a BK 
996 6 |b 2610209305  |c 4-1128.168  |l MZK  |r Sklad / do 1 hodiny  |n 11  |p p.v.  |w 000700613  |u 000010  |a 1  |e BOA001  |j MZK50  |s P